[Event "Quebec op"]
[Site "Montreal CAN"]
[Date "1995.07.23"]
[Round "1"]
[White "Milicevic, Goran"]
[Black "Lesiege, Alexandre"]
[Result "1/2-1/2"]
[WhiteElo "2325"]
[BlackElo "2471"]
[WhiteFideId "-1"]
[WhiteFideId "-1"]
[PlyCount "67"]
[GameId "2160767912064054"]
[EventDate "1995.07.26"]
[EventType "swiss"]
[EventRounds "9"]
[EventCountry "CAN"]
[SourceTitle "EXT 99"]
[Source "ChessBase"]
[SourceDate "1998.11.10"]
[SourceVersion "1"]
[SourceVersionDate "1998.11.10"]
[SourceQuality "1"]

1. d4 d5 2. Nf3 Nf6 3. Bf4 e6 4. e3 c5 5. c3 Be7 6. Nbd2 O-O 7. Bd3 b6 8. Ne5 Bb7 9. Qf3 Nbd7 10. Qh3 g6 11. O-O Nxe5 12. Bxe5 Nd7 13. Bg3 Bc8 14. Qg4 e5 15. Qe2 Bf6 16. Bb5 cxd4 17. cxd4 a5 18. Rfd1 exd4 19. exd4 Bb7 20. Nf3 Rc8 21. Rac1 Bg7 22. Ne5 Nxe5 23. dxe5 Qe7 24. f4 Qe6 25. Qe3 f6 26. Qd4 fxe5 27. fxe5 Rfd8 28. Be2 h5 29. Bf3 Rxc1 30. Rxc1 Bf8 31. Kh1 Bc5 32. Qd3 Rd7 33. a3 a4 34. h3 1/2-1/2

[Event "Quebec op"]
[Site "Montreal CAN"]
[Date "1995.??.??"]
[Round "2"]
[White "Lesiege, Alexandre"]
[Black "Saint-Pierre, Benoit"]
[Result "1-0"]
[WhiteElo "2480"]
[BlackElo "2238"]
[WhiteFideId "-1"]
[WhiteFideId "-1"]
[PlyCount "59"]
[GameId "2160767912064061"]
[EventDate "1995.07.26"]
[EventType "swiss"]
[EventRounds "9"]
[EventCountry "CAN"]
[SourceTitle "EXT 99"]
[Source "ChessBase"]
[SourceDate "1998.11.10"]
[SourceVersion "1"]
[SourceVersionDate "1998.11.10"]
[SourceQuality "1"]

1. c4 e5 2. Nc3 Nc6 3. g3 g6 4. Bg2 Bg7 5. e3 d6 6. Nge2 f5 7. d3 Nf6 8. Rb1 a5 9. a3 O-O 10. b4 axb4 11. axb4 h6 12. O-O g5 13. b5 Ne7 14. f4 c6 15. Qb3 Be6 16. h3 Rf7 17. Kh2 Qc7 18. Ba3 d5 19. b6 Qb8 20. Bxe7 Rxe7 21. cxd5 cxd5 22. fxg5 hxg5 23. Nxd5 Rf7 24. Nec3 Rd7 25. e4 f4 26. Nb5 Ne8 27. Bf3 Bxd5 28. exd5 Nd6 29. Nc7 Ra5 30. Rbc1 1-0

[Event "Quebec op"]
[Site "Montreal CAN"]
[Date "1995.??.??"]
[Round "3"]
[White "St Amand, Paul Jr"]
[Black "Lesiege, Alexandre"]
[Result "1/2-1/2"]
[WhiteElo "2109"]
[BlackElo "2480"]
[WhiteFideId "-1"]
[WhiteFideId "-1"]
[PlyCount "74"]
[GameId "2160767912064071"]
[EventDate "1995.07.26"]
[EventType "swiss"]
[EventRounds "9"]
[EventCountry "CAN"]
[SourceTitle "EXT 99"]
[Source "ChessBase"]
[SourceDate "1998.11.10"]
[SourceVersion "1"]
[SourceVersionDate "1998.11.10"]
[SourceQuality "1"]

1. e4 c6 2. d4 d5 3. Nd2 dxe4 4. Nxe4 Nd7 5. Nf3 Ngf6 6. Nxf6+ Nxf6 7. Bc4 Bf5 8. O-O e6 9. c3 Be7 10. Qe2 O-O 11. Re1 Qc7 12. Bg5 Rad8 13. Rad1 Bg4 14. h3 Bh5 15. g4 Bg6 16. Ne5 Nd5 17. Bc1 Rde8 18. f4 Bd6 19. Rf1 f6 20. Nxg6 hxg6 21. Bd3 Bxf4 22. Bxg6 Bxc1 23. Rxc1 Qg3+ 24. Qg2 Qxg2+ 25. Kxg2 Ne3+ 26. Kf2 Nxf1 27. Bxe8 Rxe8 28. Rxf1 g5 29. Kg3 Kf7 30. h4 gxh4+ 31. Kxh4 Rg8 32. Rf2 Rg5 33. Kg3 c5 34. dxc5 Rxc5 35. Rd2 Kg6 36. Rd7 Rb5 37. b3 a5 1/2-1/2

[Event "Quebec op"]
[Site "Montreal CAN"]
[Date "1995.??.??"]
[Round "4"]
[White "Lesiege, Alexandre"]
[Black "Moisan-Plante, Marc-Olivier"]
[Result "1-0"]
[WhiteElo "2480"]
[BlackElo "2121"]
[WhiteFideId "-1"]
[WhiteFideId "-1"]
[PlyCount "93"]
[GameId "2160767912064082"]
[EventDate "1995.07.26"]
[EventType "swiss"]
[EventRounds "9"]
[EventCountry "CAN"]
[SourceTitle "EXT 99"]
[Source "ChessBase"]
[SourceDate "1998.11.10"]
[SourceVersion "1"]
[SourceVersionDate "1998.11.10"]
[SourceQuality "1"]

1. d4 d5 2. c4 c6 3. Nf3 e6 4. e3 Nf6 5. Bd3 dxc4 6. Bxc4 Nbd7 7. O-O b5 8. Bd3 Bd6 9. a4 bxa4 10. Nbd2 Qe7 11. Nc4 Bc7 12. Qxa4 Bb7 13. Qb3 Bb6 14. e4 O-O 15. Bg5 h6 16. Bh4 g5 17. Bg3 g4 18. Bd6 Qd8 19. Bxf8 gxf3 20. Nxb6 axb6 21. Rxa8 Qxa8 22. Bxh6 c5 23. gxf3 cxd4 24. Qa3 Qxa3 25. bxa3 Ne5 26. Be2 d3 27. Bd1 Nfd7 28. Kg2 Nc5 29. Kg3 Nc4 30. Kh4 Nxa3 31. Rg1+ Kh7 32. Kh5 Nc4 33. Rg7+ Kh8 34. Rxf7 Kg8 35. Rg7+ Kh8 36. Rc7 Kg8 37. Bg7 Nd6 38. Be5 Nb5 39. Rg7+ Kf8 40. h4 d2 41. Kg6 Bc6 42. h5 Be8+ 43. Kg5 Nd7 44. h6 Nxe5 45. Kf6 Bg6 46. Kxe5 Bh5 47. Rg1 1-0

[Event "Quebec op"]
[Site "Montreal CAN"]
[Date "1995.07.26"]
[Round "5"]
[White "Lesiege, Alexandre"]
[Black "Sagalchik, Gennadij"]
[Result "0-1"]
[WhiteElo "2480"]
[BlackElo "2515"]
[WhiteFideId "-1"]
[WhiteFideId "-1"]
[PlyCount "98"]
[GameId "2160767912064097"]
[EventDate "1995.07.26"]
[EventType "swiss"]
[EventRounds "9"]
[EventCountry "CAN"]
[SourceTitle "EXT 99"]
[Source "ChessBase"]
[SourceDate "1998.11.10"]
[SourceVersion "1"]
[SourceVersionDate "1998.11.10"]
[SourceQuality "1"]

1. d4 Nf6 2. c4 c5 3. Nf3 cxd4 4. Nxd4 e6 5. Nc3 a6 6. g3 Qc7 7. Bg2 Qxc4 8. Bf4 Nc6 9. Nb3 d5 10. Rc1 Qb4 11. O-O Be7 12. Bc7 Bd8 13. Bxd8 Nxd8 14. e4 dxe4 15. Re1 O-O 16. Nxe4 Nd5 17. Qd3 Nc6 18. Ng5 Nf6 19. Ne4 Qe7 20. Nxf6+ Qxf6 21. Qc3 Qxc3 22. Rxc3 Nb4 23. Rc7 Rb8 24. a3 Nd5 25. Bxd5 exd5 26. Nd4 Bh3 27. f3 h5 28. Kf2 Rfc8 29. Ree7 Rxc7 30. Rxc7 Be6 31. Ke3 Re8 32. Kd2 Bc8 33. Kc3 g5 34. h4 gxh4 35. gxh4 Kg7 36. Kb4 Kf6 37. f4 Re4 38. Kc5 Be6 39. Rxb7 Rxf4 40. b4 Rxh4 41. a4 Rh1 42. b5 axb5 43. axb5 h4 44. Rb8 h3 45. Rh8 h2 46. Ne2 Bg4 47. b6 Bxe2 48. b7 Rb1 49. Rxh2 Ba6 0-1

[Event "Quebec op"]
[Site "Montreal CAN"]
[Date "1995.??.??"]
[Round "6"]
[White "Djerkovic, Miladin"]
[Black "Lesiege, Alexandre"]
[Result "0-1"]
[WhiteElo "2215"]
[BlackElo "2480"]
[WhiteFideId "-1"]
[WhiteFideId "-1"]
[PlyCount "84"]
[GameId "2160767912064099"]
[EventDate "1995.07.26"]
[EventType "swiss"]
[EventRounds "9"]
[EventCountry "CAN"]
[SourceTitle "EXT 99"]
[Source "ChessBase"]
[SourceDate "1998.11.10"]
[SourceVersion "1"]
[SourceVersionDate "1998.11.10"]
[SourceQuality "1"]

1. e4 c5 2. Nf3 Nc6 3. d4 cxd4 4. Nxd4 Nf6 5. Nc3 e5 6. Ndb5 d6 7. Nd5 Nxd5 8. exd5 Ne7 9. c4 Nf5 10. Be2 Be7 11. O-O O-O 12. a3 a6 13. Nc3 Nh4 14. b4 f5 15. f4 Bf6 16. Qb3 Ng6 17. g3 exf4 18. gxf4 Bd7 19. Ra2 Rc8 20. Be3 Qe8 21. Nd1 Ba4 22. Qd3 Nh4 23. Bf2 Qg6+ 24. Qg3 Bb3 25. Rd2 Bxc4 26. Kh1 Rfe8 27. Ne3 Bxe2 28. Rxe2 Qh5 29. Ree1 Rc3 30. a4 Rd3 31. Rc1 Qe2 32. Rc2 Rd2 33. Rxd2 Qxd2 34. b5 axb5 35. axb5 Qd3 36. Rd1 Qe4+ 37. Kg1 Nf3+ 38. Kf1 Nd4 39. b6 Ra8 40. h3 Ra2 41. Rc1 h5 42. Ng2 Qe2+ 0-1

[Event "Quebec op"]
[Site "Montreal CAN"]
[Date "1995.??.??"]
[Round "8"]
[White "Leveille, Francois"]
[Black "Lesiege, Alexandre"]
[Result "0-1"]
[WhiteElo "2360"]
[BlackElo "2480"]
[WhiteFideId "-1"]
[WhiteFideId "-1"]
[PlyCount "90"]
[GameId "2160767912064120"]
[EventDate "1995.07.26"]
[EventType "swiss"]
[EventRounds "9"]
[EventCountry "CAN"]
[SourceTitle "EXT 99"]
[Source "ChessBase"]
[SourceDate "1998.11.10"]
[SourceVersion "1"]
[SourceVersionDate "1998.11.10"]
[SourceQuality "1"]

1. e4 c5 2. Nf3 d6 3. d4 cxd4 4. Nxd4 Nf6 5. Nc3 a6 6. Bg5 e6 7. f4 Be7 8. Qf3 Qc7 9. O-O-O Nbd7 10. Be2 b5 11. Bxf6 Nxf6 12. e5 Bb7 13. exf6 Bxf3 14. Bxf3 d5 15. fxe7 Qxf4+ 16. Kb1 Kxe7 17. Bxd5 Rac8 18. Bb7 b4 19. Rhf1 Qxh2 20. Ne4 h6 21. Nc6+ Rxc6 22. Bxc6 Rd8 23. Rxd8 Kxd8 24. Rd1+ Kc7 25. Be8 Qe5 26. Nf2 Kb6 27. b3 f5 28. Nd3 Qg3 29. Nb2 Qxg2 30. Bd7 Qe4 31. Nd3 f4 32. Re1 Qd4 33. Bxe6 g5 34. Bc4 f3 35. Re6+ Kc7 36. Nxb4 f2 37. Rxh6 Qxc4 38. bxc4 f1=Q+ 39. Kb2 Qxc4 40. Nxa6+ Kd7 41. a3 g4 42. Nb4 Qd4+ 43. Kb1 g3 44. Rg6 Qg1+ 45. Ka2 g2 0-1

[Event "Quebec op"]
[Site "Montreal CAN"]
[Date "1995.07.30"]
[Round "9"]
[White "Rozentalis, Eduardas"]
[Black "Lesiege, Alexandre"]
[Result "1-0"]
[WhiteElo "2610"]
[BlackElo "2480"]
[WhiteFideId "-1"]
[WhiteFideId "-1"]
[PlyCount "99"]
[GameId "2160767912064138"]
[EventDate "1995.07.26"]
[EventType "swiss"]
[EventRounds "9"]
[EventCountry "CAN"]
[SourceTitle "EXT 99"]
[Source "ChessBase"]
[SourceDate "1998.11.10"]
[SourceVersion "1"]
[SourceVersionDate "1998.11.10"]
[SourceQuality "1"]

1. e4 c5 2. c3 Nf6 3. e5 Nd5 4. Nf3 e6 5. d4 cxd4 6. cxd4 b6 7. Nc3 Nxc3 8. bxc3 Qc7 9. Bd2 Bb7 10. Bd3 d6 11. O-O Nd7 12. Re1 Be7 13. exd6 Bxd6 14. c4 O-O 15. h3 Rac8 16. Bc3 Rfe8 17. Ng5 g6 18. Qg4 e5 19. d5 Bf8 20. Qh4 h6 21. Ne4 b5 22. Rab1 bxc4 23. Bxc4 Bg7 24. Bb3 Nc5 25. Nxc5 Qxc5 26. Bb4 Qb5 27. Rbd1 Rcd8 28. d6 e4 29. Ba3 Qa5 30. Qg3 Rd7 31. Bc1 Kh7 32. h4 Red8 33. Bf4 Bf8 34. Be5 Bxd6 35. Bxd6 Rxd6 36. Bxf7 Kg7 37. Rb1 Ba6 38. Bb3 Bd3 39. Rbc1 h5 40. Qf4 Qf5 41. Qe3 R6d7 42. Rc6 Qe5 43. Rec1 Kh7 44. R1c5 Qa1+ 45. Kh2 Qg7 46. Be6 Re7 47. Rxh5+ gxh5 48. Bf5+ Kg8 49. Rg6 Rf8 50. Qg5 1-0

[Event "Quebec-ch"]
[Site "Montreal CAN"]
[Date "1995.06.21"]
[Round "1"]
[White "Lesiege, Alexandre"]
[Black "Latendresse, Simon"]
[Result "1-0"]
[WhiteElo "2489"]
[BlackElo "2036"]
[WhiteFideId "-1"]
[WhiteFideId "-1"]
[PlyCount "63"]
[GameId "2160767912064458"]
[EventDate "1995.06.25"]
[EventType "tourn"]
[EventRounds "9"]
[EventCountry "CAN"]

1. d4 Nf6 2. Nf3 g6 3. Bg5 Bg7 4. Nbd2 d5 5. e3 O-O 6. Bd3 Nbd7 7. O-O b6 8. a4 a5 9. e4 dxe4 10. Nxe4 Bb7 11. Re1 c6 12. c3 Qc7 13. Bh4 Nxe4 14. Bxe4 e6 15. Qb3 Nf6 16. Bg3 Qd8 17. Nd2 Bh6 18. Rad1 Bxd2 19. Rxd2 Nxe4 20. Rxe4 Qd5 21. Qxd5 cxd5 22. Rh4 Rac8 23. Bd6 Rfe8 24. Rd3 Kg7 25. Be5+ f6 26. Bxf6+ Kxf6 27. Rxh7 Ba6 28. Rf3+ Kg5 29. h4+ Kg4 30. Rg3+ Kf4 31. Rf7+ Ke4 32. Re3# 1-0

[Event "Quebec-ch"]
[Site "Montreal CAN"]
[Date "1995.06.22"]
[Round "2"]
[White "Hebert, Jean"]
[Black "Lesiege, Alexandre"]
[Result "0-1"]
[WhiteElo "2500"]
[BlackElo "2459"]
[WhiteFideId "-1"]
[WhiteFideId "-1"]
[PlyCount "46"]
[GameId "2160767912064463"]
[EventDate "1995.06.25"]
[EventType "tourn"]
[EventRounds "9"]
[EventCountry "CAN"]

1. d4 d5 2. c4 c6 3. Nf3 Nf6 4. Nc3 dxc4 5. a4 Bg4 6. e3 e5 7. Bxc4 e4 8. h3 exf3 9. hxg4 fxg2 10. Rg1 Bb4 11. Qb3 Qe7 12. Rxg2 c5 13. dxc5 Nc6 14. Bb5 Qe4 15. Rg1 Bxc3+ 16. Qxc3 O-O-O 17. Bxc6 bxc6 18. Bd2 Rd3 19. Qb4 Qd5 20. Bc3 Ne4 21. Bd4 Ng5 22. Ke2 Rb3 23. Qa5 Qc4+ 0-1

[Event "Quebec-ch"]
[Site "Montreal CAN"]
[Date "1995.??.??"]
[Round "3"]
[White "Lesiege, Alexandre"]
[Black "Linskiy, Oleg"]
[Result "1-0"]
[WhiteElo "2535"]
[BlackElo "2375"]
[WhiteFideId "-1"]
[WhiteFideId "-1"]
[PlyCount "141"]
[GameId "2160767912064466"]
[EventDate "1995.06.25"]
[EventType "tourn"]
[EventRounds "9"]
[EventCountry "CAN"]
[SourceTitle "EXT 2002"]
[Source "ChessBase"]
[SourceDate "2001.11.25"]
[SourceVersion "1"]
[SourceVersionDate "2001.11.25"]
[SourceQuality "1"]

1. d4 Nf6 2. c4 c5 3. d5 b5 4. cxb5 a6 5. f3 e6 6. e4 exd5 7. e5 Qe7 8. Qe2 Ng8 9. Nc3 Bb7 10. Nh3 c4 11. Nf4 Qc5 12. b6 Ne7 13. Be3 d4 14. Bf2 Nbc6 15. O-O-O O-O-O 16. Na4 Qxe5 17. Qxe5 Nxe5 18. Bxd4 N7c6 19. Bc3 Bb4 20. Nd5 Bxc3 21. Naxc3 Na5 22. Be2 Kb8 23. Rd2 d6 24. Rhd1 Nd7 25. Ne4 Bxd5 26. Rxd5 Nb7 27. Nxd6 Nxb6 28. Nxf7 Nxd5 29. Nxh8 Re8 30. Rxd5 Rxe2 31. Rg5 h6 32. Rg4 Nc5 33. Rxc4 Nd3+ 34. Kd1 Rxg2 35. Rd4 Ne5 36. f4 Nf3 37. Rb4+ Kc7 38. Nf7 Rd2+ 39. Kc1 Rxh2 40. a4 h5 41. Rc4+ Kd7 42. Rc3 Ke7 43. Nh8 Nd4 44. Rc7+ Kf6 45. Rf7+ Ke6 46. Rxg7 Ne2+ 47. Kb1 Nxf4 48. Ra7 Kf6 49. a5 h4 50. Rxa6+ Kg7 51. Ra7+ Kg8 52. a6 h3 53. Ra8+ Kh7 54. Nf7 Rh1+ 55. Ka2 Nd5 56. Ng5+ Kg7 57. Nxh3 Rxh3 58. Rb8 Rh4 59. Kb3 Rh2 60. Kc4 Ne3+ 61. Kd4 Nc2+ 62. Kc5 Rh5+ 63. Kb6 Ne3 64. a7 Nc4+ 65. Kc6 Ra5 66. b3 Nd2 67. a8=Q Rxa8 68. Rxa8 Nxb3 69. Kd5 Nd2 70. Ra3 Kg6 71. Rd3 1-0

[Event "Quebec-ch"]
[Site "Montreal CAN"]
[Date "1995.??.??"]
[Round "4"]
[White "Ross, Dave"]
[Black "Lesiege, Alexandre"]
[Result "0-1"]
[WhiteElo "2345"]
[BlackElo "2535"]
[WhiteFideId "-1"]
[WhiteFideId "-1"]
[PlyCount "82"]
[GameId "2160767912064472"]
[EventDate "1995.06.25"]
[EventType "tourn"]
[EventRounds "9"]
[EventCountry "CAN"]
[SourceTitle "EXT 2002"]
[Source "ChessBase"]
[SourceDate "2001.11.25"]
[SourceVersion "1"]
[SourceVersionDate "2001.11.25"]
[SourceQuality "1"]

1. d4 d5 2. Nf3 Nf6 3. c4 dxc4 4. e3 e6 5. Bxc4 c5 6. O-O a6 7. a4 Nc6 8. Qe2 Qc7 9. Nc3 Be7 10. dxc5 Bxc5 11. e4 Ng4 12. e5 Ngxe5 13. Ne4 Be7 14. Bf4 Nxf3+ 15. Qxf3 Ne5 16. Qg3 Qxc4 17. Qxg7 Ng6 18. Nd6+ Bxd6 19. Bxd6 Bd7 20. Rfd1 Bc6 21. Rd4 Qc2 22. Qf6 Rd8 23. Re1 Rxd6 24. Rxd6 O-O 25. h4 Qxa4 26. Rd4 Qa5 27. b4 Qh5 28. f3 a5 29. bxa5 Qxa5 30. Red1 Qe5 31. Qxe5 Nxe5 32. Re1 Ng6 33. h5 Ne7 34. Rg4+ Kh8 35. Rd1 h6 36. Kf2 Nd5 37. Ra1 Nf6 38. Rf4 Kg7 39. Ra5 Rd8 40. g4 Nh7 41. Ke3 Ng5 0-1

[Event "Quebec-ch"]
[Site "Montreal CAN"]
[Date "1995.06.27"]
[Round "5"]
[White "Lesiege, Alexandre"]
[Black "Levtchouk, George"]
[Result "1-0"]
[WhiteElo "2489"]
[BlackElo "2308"]
[WhiteFideId "-1"]
[WhiteFideId "-1"]
[PlyCount "74"]
[GameId "2160767912064479"]
[EventDate "1995.06.25"]
[EventType "tourn"]
[EventRounds "9"]
[EventCountry "CAN"]

1. c4 g6 2. Nc3 Bg7 3. Nf3 d6 4. d4 Nf6 5. e4 O-O 6. Be2 e5 7. Be3 h6 8. dxe5 Ng4 9. Bf4 Nxe5 10. Qd2 Kh7 11. Rd1 Nbc6 12. O-O Nxf3+ 13. Bxf3 Nd4 14. Qe3 Ne6 15. Bg3 Qg5 16. Qd3 Nd4 17. h4 Qa5 18. Nd5 c6 19. Bxd6 cxd5 20. Bxf8 dxc4 21. Qe3 Bxf8 22. Qxd4 Be6 23. e5 Bg7 24. Rfe1 h5 25. a3 Rc8 26. Bxb7 Rc7 27. Be4 Bg4 28. f3 Bf8 29. Kh1 Be6 30. Qc3 Qb6 31. Re2 Rc5 32. Red2 Rb5 33. Bd5 Bh6 34. Rd4 Bxd5 35. Rxd5 Qf2 36. Rxb5 Qxh4+ 37. Kg1 Bf4 1-0

[Event "Quebec-ch"]
[Site "Montreal CAN"]
[Date "1995.06.28"]
[Round "6"]
[White "O'Donnell, Tom"]
[Black "Lesiege, Alexandre"]
[Result "1-0"]
[WhiteElo "2382"]
[BlackElo "2489"]
[WhiteFideId "-1"]
[WhiteFideId "-1"]
[PlyCount "123"]
[GameId "2160767912064485"]
[EventDate "1995.06.25"]
[EventType "tourn"]
[EventRounds "9"]
[EventCountry "CAN"]

1. c4 Nf6 2. Nf3 g6 3. b3 Bg7 4. Bb2 O-O 5. g3 d6 6. Bg2 e5 7. Nc3 c5 8. O-O Nc6 9. e3 Nh5 10. Qc2 f5 11. Rad1 g5 12. Nd5 f4 13. Ne1 Bg4 14. f3 Bf5 15. e4 Be6 16. g4 Nf6 17. h3 a6 18. a4 b5 19. axb5 axb5 20. Nd3 Ra2 21. Ra1 Nd4 22. Qb1 Rxa1 23. Bxa1 Bxd5 24. cxd5 Ne2+ 25. Kh2 h5 26. Re1 Ng3 27. Nf2 hxg4 28. hxg4 Kf7 29. Bh3 Qb6 30. Kg2 Nd7 31. b4 c4 32. Bc3 Ra8 33. Nh1 Nf8 34. Nxg3 fxg3 35. Kxg3 Ng6 36. Rh1 Nf4 37. Qf1 Bf6 38. Bg2 Kg7 39. Qf2 Qxf2+ 40. Kxf2 Bd8 41. Ra1 Bb6+ 42. Kf1 Rh8 43. Ra6 Bd4 44. Bxd4 exd4 45. Kg1 Kf6 46. Rxd6+ Ke5 47. Ra6 Rc8 48. Bf1 c3 49. dxc3 dxc3 50. Ra1 c2 51. Rc1 Kd4 52. Kf2 Kc3 53. Ke3 Rh8 54. Bxb5 Rh2 55. d6 Rd2 56. e5 Rd5 57. Bc6 Rd2 58. Ke4 Kb2 59. Rxc2+ Kxc2 60. Kf5 Kc3 61. Kxg5 Nd3 62. Kf6 1-0

[Event "Quebec-ch"]
[Site "Montreal CAN"]
[Date "1995.06.29"]
[Round "7"]
[White "Lesiege, Alexandre"]
[Black "Leveille, Francois"]
[Result "1-0"]
[WhiteElo "2489"]
[BlackElo "2339"]
[WhiteFideId "-1"]
[WhiteFideId "-1"]
[PlyCount "75"]
[GameId "2160767912064489"]
[EventDate "1995.06.25"]
[EventType "tourn"]
[EventRounds "9"]
[EventCountry "CAN"]

1. d4 d5 2. c4 dxc4 3. e3 Nf6 4. Bxc4 e6 5. Nf3 c5 6. O-O a6 7. Bb3 Nc6 8. Qe2 Qc7 9. Nc3 Be7 10. dxc5 Bxc5 11. h3 O-O 12. Rd1 Bd7 13. e4 Ne5 14. Bf4 Nxf3+ 15. Qxf3 Qa5 16. Bd2 Qc7 17. Bg5 Be7 18. e5 Bc6 19. Qf4 Nh5 20. Qh4 Bxg5 21. Qxg5 g6 22. Bc2 f6 23. exf6 Rxf6 24. Qe3 Raf8 25. Rd2 Nf4 26. Be4 Nd5 27. Bxd5 exd5 28. Rad1 Qf7 29. f3 Re8 30. Qd4 Rf4 31. Qf2 Rf5 32. Re1 Rf8 33. Ne2 Rg5 34. Nd4 Bd7 35. g4 Qf6 36. Qg3 Re8 37. Rxe8+ Bxe8 38. f4 1-0

[Event "Quebec-ch"]
[Site "Montreal CAN"]
[Date "1995.06.30"]
[Round "8"]
[White "Lesiege, Alexandre"]
[Black "Gravel, Simon M"]
[Result "1-0"]
[WhiteElo "2489"]
[BlackElo "2276"]
[WhiteFideId "-1"]
[WhiteFideId "-1"]
[PlyCount "65"]
[GameId "2160767912064493"]
[EventDate "1995.06.25"]
[EventType "tourn"]
[EventRounds "9"]
[EventCountry "CAN"]

1. c4 Nf6 2. Nf3 g6 3. d4 Bg7 4. Nc3 d5 5. Bg5 Ne4 6. cxd5 Nxg5 7. Nxg5 e6 8. Qd2 exd5 9. Qe3+ Kf8 10. Qf4 Bf6 11. h4 Kg7 12. e4 Be6 13. e5 Be7 14. g3 Rf8 15. O-O-O a5 16. Qe3 a4 17. Kb1 Bf5+ 18. Bd3 Bxd3+ 19. Qxd3 Ra6 20. f4 h6 21. Nf3 Nc6 22. g4 f5 23. gxf5 gxf5 24. Rhg1+ Kh8 25. Qe2 Rg8 26. Qc2 Na5 27. Qxf5 Nc4 28. Rxg8+ Qxg8 29. Rg1 Qe8 30. Nxd5 Ra8 31. Rg6 Ra6 32. Rg2 Ra8 33. Qe6 1-0

[Event "Quebec-ch"]
[Site "Montreal CAN"]
[Date "1995.07.02"]
[Round "9"]
[White "Schleifer, Michael"]
[Black "Lesiege, Alexandre"]
[Result "1/2-1/2"]
[WhiteElo "2329"]
[BlackElo "2489"]
[WhiteFideId "-1"]
[WhiteFideId "-1"]
[PlyCount "76"]
[GameId "2160767912064500"]
[EventDate "1995.06.25"]
[EventType "tourn"]
[EventRounds "9"]
[EventCountry "CAN"]
[SourceTitle "hb 2011"]

1. d4 Nf6 2. Nc3 d5 3. Bg5 Nbd7 4. e3 e6 5. e4 dxe4 6. Nxe4 Be7 7. Nxf6+ Bxf6 8. Bxf6 Qxf6 9. Nf3 O-O 10. Qd2 Rd8 11. O-O-O b6 12. Qe3 Bb7 13. Be2 Qf5 14. Bd3 Qh5 15. Ng5 h6 16. Ne4 e5 17. d5 Qh4 18. Bc4 Nf6 19. Nxf6+ Qxf6 20. Bb3 Re8 21. f3 Qd6 22. Qe4 Re7 23. Rhe1 Rf8 24. f4 f5 25. Qa4 a5 26. fxe5 Rxe5 27. Rxe5 Qxe5 28. d6+ Kh7 29. Qd7 a4 30. Bxa4 Ba6 31. dxc7 Rc8 32. Bb3 Rxc7 33. Qd8 Bc4 34. Bxc4 Rxc4 35. Qd3 Re4 36. g3 Re2 37. Rd2 Re1+ 38. Rd1 Re2 1/2-1/2

[Event "Laval XII"]
[Site "Laval CAN"]
[Date "1995.06.02"]
[Round "5"]
[White "Luksza, Arkadiusz"]
[Black "Lesiege, Alexandre"]
[Result "0-1"]
[WhiteElo "2065"]
[BlackElo "2487"]
[WhiteFideId "-1"]
[WhiteFideId "-1"]
[PlyCount "72"]
[GameId "2160767912064566"]
[EventDate "1995.05.31"]
[EventType "swiss"]
[EventRounds "5"]
[EventCountry "CAN"]
[SourceTitle "Echec+ 1995.07"]

1. d4 Nf6 2. Nf3 d5 3. c4 c6 4. Nc3 dxc4 5. a4 Bg4 6. e3 e5 7. dxe5 Qxd1+ 8. Nxd1 Nfd7 9. Bxc4 Bxf3 10. gxf3 Nxe5 11. Be2 a5 12. Nc3 Na6 13. f4 Nd7 14. Bc4 Bb4 15. Bd2 Nac5 16. Ke2 O-O 17. Rhg1 Rfd8 18. Ba2 Nb6 19. Rgd1 Kf8 20. Be1 Nbxa4 21. Nxa4 Nxa4 22. Rab1 Ke7 23. Bb3 Nc5 24. Bc2 g6 25. f3 Bxe1 26. Rxe1 Na6 27. Rbd1 Nb4 28. Rxd8 Rxd8 29. Bd1 Rd5 30. Bb3 Rh5 31. Rh1 b5 32. e4 c5 33. Ke3 Rh3 34. Bd1 f5 35. Kf2 Nd3+ 36. Kg2 Nxf4+ 0-1

[Event "Grand Prix"]
[Site "Montreal CAN"]
[Date "1995.05.20"]
[Round "4"]
[White "Lesiege, Alexandre"]
[Black "Hebert, Jean"]
[Result "1/2-1/2"]
[WhiteElo "2468"]
[BlackElo "2494"]
[WhiteFideId "-1"]
[WhiteFideId "-1"]
[PlyCount "109"]
[GameId "2160767912064591"]
[EventDate "1995.05.19"]
[EventType "swiss"]
[EventRounds "5"]
[EventCountry "CAN"]
[SourceTitle "EXT 2022"]
[Source "ChessBase"]
[SourceDate "2021.10.06"]
[SourceVersion "1"]
[SourceVersionDate "2021.10.06"]
[SourceQuality "1"]

1. d4 Nf6 2. c4 c5 3. Nf3 cxd4 4. Nxd4 e5 5. Nb5 d5 6. cxd5 Bc5 7. N5c3 O-O 8. e3 e4 9. Nd2 Bf5 10. a3 Nbd7 11. b4 Bd6 12. Nc4 Ne5 13. Nxd6 Qxd6 14. Qd4 a6 15. Bb2 Rfe8 16. Be2 Rac8 17. b5 Qc5 18. Qxc5 Rxc5 19. O-O Nd3 20. Bxd3 exd3 21. bxa6 bxa6 22. Rfd1 Rb8 23. f3 Nxd5 24. Nxd5 Rxd5 25. e4 Rd7 26. Be5 Rb5 27. Rac1 f6 28. Bf4 Be6 29. Rc6 Bb3 30. Rd2 Ra5 31. Bd6 Bc2 32. Bb4 Ra4 33. Rc8+ Kf7 34. Rcxc2 a5 35. Rc3 axb4 36. axb4 Rxb4 37. Rcxd3 Rxd3 38. Rxd3 Rb2 39. Rd7+ Kg6 40. h4 h5 41. Kh2 Re2 42. Kg3 Ra2 43. Rb7 Rc2 44. Rb1 Re2 45. Rf1 f5 46. exf5+ Kxf5 47. Rf2 Re5 48. Ra2 Rb5 49. Ra8 Kg6 50. Re8 Rb2 51. Re5 Kh6 52. Rg5 Rb4 53. Re5 g6 54. Re7 Ra4 55. Rd7 1/2-1/2

[Event "Grand Prix"]
[Site "Montreal CAN"]
[Date "1995.05.21"]
[Round "5"]
[White "Duong, Thanh Nha"]
[Black "Lesiege, Alexandre"]
[Result "1-0"]
[WhiteElo "2235"]
[BlackElo "2468"]
[WhiteFideId "-1"]
[WhiteFideId "-1"]
[PlyCount "93"]
[GameId "2160767912064595"]
[EventDate "1995.05.19"]
[EventType "swiss"]
[EventRounds "5"]
[EventCountry "CAN"]
[SourceTitle "Echec+ 1996.03"]

1. d4 d5 2. Nf3 c6 3. Bf4 Nf6 4. e3 Bf5 5. c3 e6 6. Qb3 Qb6 7. Nbd2 Nbd7 8. Be2 Be7 9. O-O h6 10. Ne5 O-O 11. h3 Rfe8 12. f3 Bh7 13. Bd3 Bxd3 14. Nxd3 Qa6 15. Qc2 c5 16. Kh1 Rac8 17. g4 Nh7 18. Bg3 b5 19. a3 Qb6 20. Qd1 cxd4 21. cxd4 f6 22. Qb3 Qb7 23. a4 b4 24. a5 Qb5 25. Ra4 Ng5 26. h4 Nf7 27. Rfa1 a6 28. Nxb4 Rb8 29. Bxb8 Rxb8 30. Nxd5 exd5 31. Qxb5 Rxb5 32. Rc1 Kf8 33. Nb1 Bb4 34. Nc3 Bxc3 35. Rxc3 Rxb2 36. Rc6 Nb8 37. Rc5 Rb3 38. Rxd5 Rxe3 39. Rb4 Re8 40. Rb7 Nc6 41. Rc7 Nfd8 42. Rdd7 Nxa5 43. d5 Nab7 44. Rxg7 Nd6 45. Rg6 N8f7 46. Rxf6 Re5 47. Rd7 1-0

[Event "Quebec-ch intercoll."]
[Site "Joliette CAN"]
[Date "1995.04.16"]
[Round "5"]
[White "Bannon, Eric"]
[Black "Lesiege, Alexandre"]
[Result "0-1"]
[WhiteElo "1991"]
[BlackElo "2466"]
[WhiteFideId "-1"]
[WhiteFideId "-1"]
[PlyCount "72"]
[GameId "2160767912064699"]
[EventDate "1995.04.14"]
[EventType "swiss"]
[EventRounds "6"]
[EventCountry "CAN"]
[SourceTitle "Echec+ 1995.07"]

1. d4 d5 2. Nf3 c6 3. Bf4 Qb6 4. Qc1 Nf6 5. e3 Bf5 6. Be2 Nbd7 7. O-O e6 8. Nbd2 Be7 9. Ne5 h6 10. c4 O-O 11. Nxd7 Nxd7 12. cxd5 cxd5 13. Bc7 Qc6 14. Qxc6 bxc6 15. Ba6 c5 16. Bb7 Rae8 17. Rac1 cxd4 18. exd4 Nb8 19. Nb3 Bd3 20. Rfd1 Be2 21. Re1 Bc4 22. Na5 Bb4 23. Nxc4 Re7 24. Na5 Bxe1 25. Bd6 Rd7 26. Bxf8 Bxa5 27. Rc8 Rxb7 28. Bd6+ Kh7 29. Rxb8 Rxb8 30. Bxb8 Bb6 31. b4 Bxd4 32. b5 Kg8 33. a4 Kf8 34. a5 Ke7 35. Bxa7 Bxa7 36. b6 Bxb6 0-1